header

Young adults with serious mental illness (Record no. 161349)

MARC details
000 -LEADER
fixed length control field 01318nam a2200349 a 4500
082 04 - DEWEY DECIMAL CLASSIFICATION NUMBER
Classification number 618.92
245 00 - TITLE STATEMENT
Title Young adults with serious mental illness
260 ## - PUBLICATION, DISTRIBUTION, ETC. (IMPRINT)
Place of publication New York :
Name of publisher Nova Science Publishers,
Year of publication 2009.
300 ## - PHYSICAL DESCRIPTION
Number of Pages vii, 119 p.
650 #0 - SUBJECT ADDED ENTRY--TOPICAL TERM
Topical Term Mentally ill
Topical Term Mental illness
Topical Term Youth
700 1# - ADDED ENTRY--PERSONAL NAME
Personal name Sullivan, David O.
856 40 - ELECTRONIC LOCATION AND ACCESS
Uniform Resource Identifier http://site.ebrary.com/lib/rucke/Doc?id=10670946

No items available.

© 2026 Rongo University
Contact us: librarian | system librarian | Rongo university